| 000 | 00351 a2200121 4500 | ||
|---|---|---|---|
| 001 | ART_29253 | ||
| 005 | 20260410161645.0 | ||
| 008 | 260409a | ||
| 245 | 1 | 0 | _aActo administrativo , ¡se busca! |
| 100 | 1 | _aGómez, Teresa | |
| 700 | 1 | _aCaranta, Martín R. | |
| 773 | 0 |
_tConsultor tributario _g- Año 9, Nº 98 (abr. 2015) _wREV474 |
|
| 999 |
_c13723 _d13723 |
||